| 000 | 03531cam a22005058i 4500 | ||
|---|---|---|---|
| 999 |
_c115537 _d115537 |
||
| 001 | 21457926 | ||
| 003 | BJBSDDR | ||
| 005 | 20230411090731.0 | ||
| 006 | a|||||r|||| 00| 0 | ||
| 007 | ta | ||
| 008 | 200303s2020 mau 001 0 eng | ||
| 010 | _a 2020004738 | ||
| 020 | _a9781633698253 (hardcover) | ||
| 020 | _a1633698254 (hardcover) | ||
| 040 |
_aMH/DLC _beng _erda _cDLC |
||
| 041 | _aeng | ||
| 042 | _apcc | ||
| 050 | 1 | 4 |
_aHB 501 _bB786c 2020 |
| 082 | 0 | 0 | _a330.12/2 |
| 100 | 1 |
_aBower, Joseph L., _919748 _d1938- |
|
| 245 | 1 | 0 |
_aCapitalism at risk : _bhow business can lead / _cJoseph L. Bower, Herman B. Leonard, Lynn S. Paine. |
| 264 | 1 |
_aBoston, MA : _bHarvard Business Review Press, _c[2020] |
|
| 300 |
_axxiii, 357 p. ; _c24 cm |
||
| 336 |
_atext _btxt _2rdacontent |
||
| 337 |
_aunmediated _bn _2rdamedia |
||
| 338 |
_avolume _bnc _2rdacarrier |
||
| 500 | _aIncludes index. | ||
| 505 | 0 | _aPart One. The Future of Market Capitalism: Introduction -- A projection of global prospects -- Threats to the global market system -- Seeing the threats as systemic -- Part Two. How business can lead: The business response -- Leading through innovative business modes -- Leading through institutional activism -- Rethinking the role of business -- Part Three. A Call to Action: How disruptors interact -- Companies stepping up to the challenge -- Rebuilding confidence in capitalism. | |
| 520 |
_a"Q. Who should take the lead in fixing market capitalism? A. Business--not government alone. The spread of capitalism worldwide has made people wealthier than ever before. But capitalism's future is far from assured. Income inequality, resource depletion, mass migrations from poor to rich countries, religious fundamentalism, the misuse of social media and cyberattacks--these are just a few of the threats to continuing prosperity that we see dominating the headlines every day. How can capitalism be sustained? And who should spearhead the effort? Critics turn to government. In Capitalism at Risk, Harvard Business School professors Joseph Bower, Herman Leonard, and Lynn Paine argue that while governments must play a role, businesses should take the lead. For enterprising companies--whether large multinationals, established regional players, or small start-ups--the current threats to market capitalism present important opportunities. Capitalism at Risk draws on discussions with business leaders around the world to identify twelve potential disruptors of the global market system. Presenting examples of companies already making a difference, the authors explain how business must serve both as innovator and activist--developing corporate strategies that effect change at the community, national, and international levels. Filled with rich insights, Capitalism at Risk presents a compelling and constructive vision for the future of market capitalism"-- _cProvided by publisher. |
||
| 650 | 0 | _aCapitalism. | |
| 650 | 0 | _aBusiness planning. | |
| 650 | 0 | _aGlobalization. | |
| 650 | 0 | _aRisk. | |
| 650 | 0 |
_aFinancial institutions _xEffect of technological innovations on. |
|
| 650 | 4 |
_aCapitalismo _91787 |
|
| 650 | 0 |
_aPlanificación empresarial _92610 |
|
| 650 | 4 |
_aGlobalización _91438 |
|
| 650 | 4 |
_aRiesgo (Economía) _914366 |
|
| 650 | 4 |
_aInstituciones financieras _xInnovaciones tecnológicas _96909 |
|
| 700 | 1 |
_aLeonard, Herman B. _919169 |
|
| 700 | 1 |
_aPaine, Lynn S. _919170 |
|
| 906 |
_a7 _bcbc _corignew _d1 _eecip _f20 _gy-gencatlg |
||
| 942 |
_2lcc _cBK |
||